000 00887nam a22002297a 4500
005 20130530153606.0
008 080922t xxu||||| |||| 00| 0 eng d
010 _aB-506554-555
020 _a9788131787830
_c450.00
035 _aB-506554-555
037 _bKKP/Ven
040 _adpl
_bEnglish
082 _a546
100 _aSinghal, Atul
245 _aThe pearson guide to Inorganic Chemistry for medical entrance examinations /
_cAtul Singhal
246 _aInorganic Chemistry for medical entrance examinations
260 _aNoida
_bPearson
_c20?
270 _a7th floor, Knowledge Boulevard, A-8(A), Sector 62
_bNoida
_e201309
300 _aVarious Pages
_c25cm(pbk)
942 _2ddc
_cEN
_mSIN
_h546
999 _c76360
_d76360